Estudios sobre la estrategia europea de la flexiseguridad: una aproximación crítica

সংরক্ষণ করুন:
গ্রন্থ-পঞ্জীর বিবরন
প্রধান লেখক: Landa Zapirain, Juan Pablo (Author)
বিন্যাস: গ্রন্থ
ভাষা:স্প্যানিশ
প্রকাশিত: Albacete Bomarzo 2009
সংস্করন:1a. ed
বিষয়গুলি:
ট্যাগগুলো: ট্যাগ যুক্ত করুন
কোনো ট্যাগ নেই, প্রথমজন হিসাবে ট্যাগ করুন!

MARC

LEADER 00000nam a2200000 a 4500
001 UCH4548
003 CL-VaPUC
008 090820e20090000SP |||||||||||||||||spa|d
020 |a 9788496721784 
082 0 4 |a 344.0146  |b LAN  |2 21 
100 |a Landa Zapirain, Juan Pablo  |e author  |9 540096 
245 1 0 |a Estudios sobre la estrategia europea de la flexiseguridad: una aproximación crítica 
250 |a 1a. ed 
300 |a 188 p 
942 |c BK 
945 |d 20090820 00:00:00  |a dcastane 
260 |a Albacete  |b Bomarzo  |c 2009 
650 0 |a Flexibilidad laboral  |9 490185 
650 7 |a DERECHO LABORAL  |2 CL-VaPUC  |9 15 
650 0 |a Trabajadores  |9 260887 
650 7 |a SINDICATO  |2 CL-VaPUC  |9 371680 
651 0 |a Europa  |9 255156 
651 0 |a España  |9 254926 
583 |a last modification  |c 20170803 10:35:46  |k Rodrigo Vera 
999 |c 335828  |d 335826 
952 |0 0  |1 0  |4 0  |6 344_014600000000000_LAN_2009  |7 0  |8 A  |9 426564  |a BIBDER  |b BIBDER  |d 2019-11-22  |i 458841K  |o 344.0146 LAN 2009  |p 458841K  |r 2023-01-25  |w 2019-11-22  |y BK  |k DER